| 000 | 00606nam a2200217Ia 4500 | ||
|---|---|---|---|
| 003 | OSt | ||
| 005 | 20230315121329.0 | ||
| 008 | 210423s2006 xx 000 0 und d | ||
| 020 | _a1403929165 | ||
| 040 | _cAL | ||
| 041 | _aeng | ||
| 082 |
_a541.3028 _223 _bSINP |
||
| 100 |
_aSINDHU (P S). _941297 |
||
| 245 | _aPracticals in physical chemistry: a modern approach. | ||
| 260 |
_aNew Delhi _bMacmillan India Ltd _c2006 |
||
| 300 |
_axi,268 _bPB |
||
| 365 |
_b195 _cINR |
||
| 650 |
_aPhysical Chemistry _941298 |
||
| 906 | _aapproach. ; chemistry: ; modern ; physical ; Practicals | ||
| 942 |
_2ddc _cBK |
||
| 999 |
_c153560 _d153560 |
||